Verejná správa v Slovenskej republike: kontexty a atribúty

Vybrané právno-politické súvislosti decentralizácie verejnej správy v Slovenskej republike. Potreba právneho definovania pojmu verejnej správy. Námety na modernizáciu verejnej správy najmä s ohľadom na jej funkčnosť a ekonomickú primeranosť.

Saved in:
Bibliographic Details
Main Author: Řehůřek, Miloš
Format: Book Chapter
Language:Slovak
Subjects:
Tags: Add Tag
No Tags, Be the first to tag this record!

MARC

LEADER 00000naa a2200000 4500
001 r035584
005 20230929080603.0
041 0 |a slo 
044 |a SK 
245 1 0 |a Verejná správa v Slovenskej republike: kontexty a atribúty  |c M. Řehůřek 
520 |a Vybrané právno-politické súvislosti decentralizácie verejnej správy v Slovenskej republike. Potreba právneho definovania pojmu verejnej správy. Námety na modernizáciu verejnej správy najmä s ohľadom na jej funkčnosť a ekonomickú primeranosť. 
610 2 0 |a správa verejná 
610 2 0 |a právo správne 
610 2 0 |a politika 
610 2 0 |a modernizácia 
610 2 0 |a decentralizácia 
610 2 0 |a správa štátna 
610 2 0 |a správa miestna 
610 2 0 |a Slovensko 
100 1 |a Řehůřek, Miloš